000 00708nam a2200181Ia 4500
008 090124s9999 xx 000 0 und d
082 _b103880
100 _aपांडे लिला गणेश
245 _a महाराष्ट्राच्या कर्तुत्व शालीनी
250 _a1
260 _c1951
300 _a104
600 _aपांडे लिला गणेश
630 _a महाराष्ट्राच्या कर्तुत्व शालीनी
700 _aपांडे लिला गणेश
730 _a महाराष्ट्राच्या कर्तुत्व शालीनी
942 _cBOOK
999 _c149972
_d149972